|
|
|
|
| LEADER |
00000nam1a2200000 4500 |
| 001 |
71409 |
| 005 |
20231101212559.0 |
| 035 |
|
|
|a (RuTPU)RU\TPU\book\76031
|
| 090 |
|
|
|a 71409
|
| 100 |
|
|
|a 20041216d1961 km y0rusy50 ca
|
| 101 |
0 |
|
|a rus
|
| 102 |
|
|
|a RU
|
| 200 |
1 |
|
|a Справочник по производству строительной керамики
|f Всесоюзный научно-исследовательский институт строительной керамики
|
| 210 |
|
|
|a Москва
|c Госстройиздат
|d 1961-1962
|
| 712 |
0 |
2 |
|a Всесоюзный научно-исследовательский институт строительной керамики
|2 stltpush
|3 (RuTPU)RU\TPU\col\5923
|9 24174
|
| 801 |
|
1 |
|a RU
|b 63413507
|c 20041216
|g PSBO
|
| 801 |
|
2 |
|a RU
|b 63413507
|c 20171130
|g RCR
|
| 942 |
|
|
|c BK
|